Kalendarz Skoczkowie Narciarscy - Statystyki

Ogólne statystyki
  • Ten quiz został rozwiązany 57 razy
  • Średni wynik to 6 z 12
Statystyki odpowiedzi
Miesiąc Skoczek % Poprawnych
Styczeń Żyła| Huber|Gregor Schlierenzauer| Presecnik
96%
Maj Granerud| Stoch|Paschke| Kraft|Wolny| Freund| Peter| Steiner| Sadriejew
89%
Marzec Johansson|Kubacki| Haybock| Prevc| Zniszczoł| Tschofenig|Kahofer
74%
Czerwiec Lindvik|Sato|Pavlovcic|Tande|Stękała|Prevc|Kobayashi|Ammann|Schiffner|Wąsek|Fettner| Kot| Markeng
68%
Luty Geiger|Deschwanden| Klimow| Bresadola
45%
Kwiecień Eisenbichler| Lanisek| Hamann| Lackner| Aalto| Zajc| Bartol|Haagen
43%
Lipiec Forfang| Sato|Boyd-Clowes|Zografski|Kos|Polasek
38%
Wrzesień Prevc| Nakamura|Hula
36%
Sierpień Murańka| Aigro|Semenic| Wohlgenannt| Korniłow|Freitag|Soukup
32%
Listopad Kobayashi|Aschenwald |Schmid|Leitner|Trofimow| Kozisek
30%
Grudzień Eriksen| Hare| Kytosaho| Ito| Larson|Maatta| Insam
21%
Październik Jelar|Nazarow|Horl| Pilch
13%
Nie znaleziono quizów pasujących do podanych kryteriów
Rozkład punktacji
Procent ludzi z każdym wynikiem
Percentyl według liczby udzielonych odpowiedzi
Twoja historia wyników
Nie rozwiązałeś tego quizu